| 000 | 00563nam a22001937a 4500 | ||
|---|---|---|---|
| 003 | BD-DhJNU | ||
| 005 | 20250410121554.0 | ||
| 008 | 250410b |||||||| |||| 00| 0 eng d | ||
| 020 | _a9847022000134 | ||
| 040 |
_aBD-DhJNU _bENG _cBD-DhJNU _dBD-DhJNU |
||
| 082 |
_223 _a305.2309 |
||
| 100 | _aBlanchet, Thérèse | ||
| 245 |
_aLost innocence, stolen childhoods / _cThérèse Blanchet |
||
| 260 |
_aDhaka : _bThe University Press LTD, _c2008. |
||
| 300 |
_axvii, 261 p. : _c22 cm. |
||
| 504 | _aincludes index | ||
| 650 | _aSocial conditions | ||
| 942 |
_2ddc _cBK _n0 |
||
| 999 |
_c1565 _d1565 |
||